Archeologické prieskumy v Lefantovciach, Oponiciach a Nitrianskej Strede

Podrobná bibliografia
Hlavní autori: Bisták, Peter (archeológ) (Autor), Daňo, Róbert (archeológ) (Autor), Poláček, Martin (Autor)
Médium: Článok
Jazyk:slovenčina
Fyzický popis:Mp.
ISBN:808870992X
ISSN:0231-925X
Predmet:

MARC

LEADER 00000nab a2200000 a 4500
001 vtls008955666
003 SK-MaSNL
005 20260304145728.0
008 250505c2006 xo |||||| ab ||00 b|slo
015 |a SNBRB2007/03  |2 snkbucl 
035 |a (uuid)a93dfe40-2022-4d0f-b49f-1b081a357bdd 
035 |a urn:nbn:sk:snk-abznk 
035 |a (urnnbn)urn:nbn:sk:snk:ar-a03xzm 
038 |a SNKBUCL 
040 |a SNKBUCL  |b slo  |c SNKBUCL  |e AACR2 
041 0 |a slo  |b ger 
044 |a xo  |c SK 
080 |a 902.2  |x (437.6)  |2 1997 
100 1 |a Bisták, Peter  |c (archeológ)  |4 aut  |9 10584 
245 1 0 |a Archeologické prieskumy v Lefantovciach, Oponiciach a Nitrianskej Strede  |c Peter Bisták - Róbert Daňo - Martin Poláček 
300 |b Mp. 
504 |a Literatúra 
546 |a Res. nem. 
650 0 7 |a archeologická prospekcia  |2 snkbucl  |9 98094 
651 7 |a Lefantovce (Slovensko)  |2 snkbucl  |9 79923 
651 7 |a Oponice (Slovensko)  |2 snkbucl  |9 107747 
651 7 |a Nitrianska Streda (Slovensko)  |2 snkbucl  |9 78701 
700 1 |a Daňo, Róbert  |c (archeológ)  |4 aut  |9 13637 
700 1 |a Poláček, Martin  |4 aut  |9 376203 
773 0 |t Archeologické výskumy a nálezy na Slovensku v roku 2004  |d Nitra : Archeologický ústav SAV, 2006  |g S. 48-49  |x 0231-925X  |z 808870992X 
850 |a Slovenská národná knižnica 
852 |a Slovenská národná knižnica 
954 |a odborná, vedecká literatúra pôvodná (slovenská)  |2 lita 
958 |a article2022 
958 |a NB 
958 |a OND 
958 |a EUIPO 
999 |c 2936610  |d 2938540